000 00823cab a2200217 4500
001 ABS52975
008 090401t1995 xxu||||| |||| 00| 0 eng d
035 _a(Sirsi) u1173
041 0 _aeng
100 1 _aDavidson, C.
245 0 0 _aSimulated cities
_bthe game grows up
260 _c1995
350 _a0
490 0 _aNew Scientist
_v146(1981) 10 June 1995, 34-37(4)
520 _aFeature on the use of computers to produce simulated models for use by town planners now that improvements in technology have lead to more realistic and complex images.
520 _aThis article is no longer held by the RICS Library but may be available through inter-library loan. Please ask Library staff for details.
651 4 _aUnited Kingdom
_y
690 _aPlanning and development
_96259
942 _n0
948 _c04/03/1997
999 _c641
_d641